000 00584nam a2200205Ia 4500
005 20250326143544.0
008 250326s9999 xx 000 0 und d
020 _a0-19-567628-9
037 _aTextbook
040 _aFMSL
_beng
_cFMSL
041 _aeng
_2eng
084 _aX:89ZB P5
_qFMSL
100 _aHayami Y
_9735259
245 0 _aDevelopment economics : from the poverty to the wealth of nations
_cHayami Y; Godo Y
250 _a3
260 _aNew Delhi
_bNew Delhi, Oxford
_c2005
300 _a430p
942 _cTB
_hX:89ZB P5
999 _c1300072
_d1300072